000 00786nam a22001817a 4500
999 _c8093
_d8093
003 AR-CdUCM
008 190322b ||||| |||| 00| 0 esp d
040 _aMUNICIPALIDAD PROVINCIAL DEL CUSCO
_cBIBLIOTECA MUNICIPAL DEL CUSCO
082 _a940.534 /
_bm53
100 _aMichel, Henri
_922859
245 _aLos movimientos clandestinos en Europa /
_cHenri Michel
260 _aBarcelona :
_bOikos - tau,
_c1971.
300 _a124 paginas ;
_c17 cm.
505 _aCaracteres generales -- Los aliados y los movimientos clandestinos -- La oposición clandestina en los regímenes totalitarios -- Los movimientos clandestinos en Europa occidental -- La acción clandestina en Europa central y oriental.
650 _aGuerra Mundial, 1939-1945
_918335
942 _2ddc
_cLIBROS
945 _aacrt